00431cam a22001337a 4500008004000000082001500040100002000055245005100075260002700126300001000153650002900163999001900192952008600211180718b1962 xxu||||| |||| 00| 0 eng d aT0x42 St45 aStern, Waler M. aBritain yesterday and todaycby Waler M. Stern aLondonbLongmansc1962 a294p. aEconomic history-Britain c435228d435228 00104070aIIPAbIIPAd2010-02-23oT0x42 St45p30379r2018-07-21w2018-07-21yBK